000 00529nam a22001817a 4500
999 _c40683
_d40683
003 OSt
005 20200606120113.0
008 191028b ||||| |||| 00| 0 eng d
020 _a8188435538
040 _cMESKC library
082 _a398.6
_bGAR/B
100 _aGarg,Chitra
_986
245 _aBoojho Paheli/
_cChitra Garg
260 _aNew Delhi:
_bLiteracy House,
_c2017
300 _a128p
500 _aCollection of riddles with answers for children
942 _2ddc
_cBK
_h398.6
_iGAR/B
_k398.6
_mGAR/B